QCM Animés Mixte - Statistiques

Statistiques générales
  • Ce quiz a été pris 1 317 fois
  • Le résultat moyen est 8 sur 12
Statistiques - réponses
Question Réponse % Correct
Dans "Death Note", qui est amoureux de Light ? Misa
92%
Dans "Assassination Classroom", qui tue Koro Sensei ? Nagisa
89%
Dans "Attaque des Titans" (Shingeki no Kyojin), qui adore les pommes de terre? Sasha
88%
Dans "Kuroko no Basket", qui a les cheveux verts ? Midorima
81%
Dans "Hunter X Hunter", qui tue Uvo ? Kurapika
71%
Dans "My Hero Academia", qui possède un alter d'invisibilité ? Toru
71%
Dans "Seven Deadly Sins", qui est immortel ? Ban
62%
Dans " Food Wars ! " , comment s'appelle le dortoir de Sôma? Etoile polaire
57%
Dans "Fairy Tail", qui tombe enceinte dans la dernière saison? Reby
57%
Dans "Fruit Basket", qui détient le signe du buffle/vache ? Haru
40%
Dans "Gambling School" (Kakegurui), qui a toujours une sucette dans la bouche ? Runa
37%
Dans " Haikyuu!! " , quel personnage dit "Hey, hey, hey" ? Bokuto
33%
Aucun quiz correspondant
Distribution des résultats
% des personnes avec chaque résultat
Percentile par nombre de réponses
Votre historique - résultats
Vous n’avez pas pris ce quiz